I Didn't Mean to Fall in Love (Titelsatznr. 1547)

[ MARC ]
MARC-Details
000 -LEADER
fixed length control field 03126cam a2200625 c 4500
001 - CONTROL NUMBER
control field 1947598554
003 - CONTROL NUMBER IDENTIFIER
control field DE-627
005 - DATE AND TIME OF LATEST TRANSACTION
control field 20260324171717.0
007 - PHYSICAL DESCRIPTION FIXED FIELD--GENERAL INFORMATION
fixed length control field cr uuu---uuuuu
008 - FIXED-LENGTH DATA ELEMENTS--GENERAL INFORMATION
fixed length control field 251226s2021 gw |||||o 00| ||ger c
020 ## - INTERNATIONAL STANDARD BOOK NUMBER
International Standard Book Number 9783646720426
Terms of availability EPUB
024 7# - OTHER STANDARD IDENTIFIER
Standard number or code urn:nbn:de:gbv:18-epflicht-303102
Source of number or code urn
035 ## - SYSTEM CONTROL NUMBER
System control number (DE-627)1947598554
035 ## - SYSTEM CONTROL NUMBER
System control number (DE-599)KEP122305264
035 ## - SYSTEM CONTROL NUMBER
System control number (EPFHH-CARLSEN)9783646720426_9783646720426
035 ## - SYSTEM CONTROL NUMBER
System control number (EPFHH)37ca86c7-15e4-4582-87a7-6dd3fe96baf4
035 ## - SYSTEM CONTROL NUMBER
System control number (DE-627-1)122305264
040 ## - CATALOGING SOURCE
Original cataloging agency DE-627
Language of cataloging ger
Transcribing agency DE-627
Description conventions rda
041 ## - LANGUAGE CODE
Language code of text/sound track or separate title ger
Language code of original jpn
044 ## - COUNTRY OF PUBLISHING/PRODUCING ENTITY CODE
ISO country code XA-DE-HH
072 #7 - SUBJECT CATEGORY CODE
Subject category code 9182
Source wsb
082 04 - DEWEY DECIMAL CLASSIFICATION NUMBER
Classification number 741.5
Assigning agency DE-576
245 00 - TITLE STATEMENT
Title I Didn't Mean to Fall in Love
Remainder of title Romantischer Boys-Love-Einzelband ab 18 über ein spätes Coming-Out und große Gefühle - mit exklusiver Bonusseite nur im E-Book
Statement of responsibility, etc. Minta Suzumaru, Diana Hesse
250 ## - EDITION STATEMENT
Edition statement 1. Auflage
264 #1 - PRODUCTION, PUBLICATION, DISTRIBUTION, MANUFACTURE, AND COPYRIGHT NOTICE
Place of production, publication, distribution, manufacture Hamburg
Name of producer, publisher, distributor, manufacturer Hayabusa
Date of production, publication, distribution, manufacture, or copyright notice 2021
300 ## - PHYSICAL DESCRIPTION
Extent 1 Online-Ressource (178 S.)
Other physical details Illustrationen
336 ## - CONTENT TYPE
Content type term Text
Content type code txt
Source rdacontent
337 ## - MEDIA TYPE
Media type term Computermedien
Media type code c
Source rdamedia
338 ## - CARRIER TYPE
Carrier type term Online-Ressource
Carrier type code cr
Source rdacarrier
520 ## - SUMMARY, ETC.
Summary, etc. Ein erotischer Yaoi über die Magie der Anziehungskraft und die erste Liebe Der erfolgreiche Geschäftsmann Yoshino ist als unnahbarer Schönling verschrien. Doch in Wirklichkeit traut er sich nur nicht, zu seiner Homosexualität zu stehen und sehnt sich nach einer ganz normalen Liebesbeziehung. Mit seinem 30. Geburtstag nimmt er nun all seinen Mut zusammen und beschließt, etwas an seiner Situation zu ändern: Zum ersten Mal in seinem Leben besucht er eine Schwulenbar, um wenigstens erste körperliche Erfahrungen zu machen. Doch er hat nicht damit gerechnet, dass der forsche Student Rou auch sein Herz erobern würde. - Spice-Level: 2 von 5 Chilis. In diesem Boys-Love-Titel stehen die Gefühle im Mittelpunkt. Mit einzelnen expliziten Szenen. - Romantischer Yaoi-Manga ab 18 über Selbstakzeptanz und die erste Liebe - Einzelband Voller Drama und Leidenschaft – ein Muss für alle Fans von romantischen Boys-Love-Mangas
583 1# - ACTION NOTE
Action Archivierung/Langzeitarchivierung gewährleistet
Authorization PEHH
Action agent DE-576
Source of term pdager
Institution to which field applies DE-18
650 #4 - SUBJECT ADDED ENTRY--TOPICAL TERM
Topical term or geographic name entry element spätes coming out buch manga
650 #4 - SUBJECT ADDED ENTRY--TOPICAL TERM
Topical term or geographic name entry element bl manga einzelband
650 #4 - SUBJECT ADDED ENTRY--TOPICAL TERM
Topical term or geographic name entry element yaoi manga 18
650 #4 - SUBJECT ADDED ENTRY--TOPICAL TERM
Topical term or geographic name entry element boys love mangas boys liebe
650 #4 - SUBJECT ADDED ENTRY--TOPICAL TERM
Topical term or geographic name entry element boys love manga ab 18
650 #4 - SUBJECT ADDED ENTRY--TOPICAL TERM
Topical term or geographic name entry element hayabusa manga ab 18
650 #4 - SUBJECT ADDED ENTRY--TOPICAL TERM
Topical term or geographic name entry element hayabusa manga für erwachsene
650 #4 - SUBJECT ADDED ENTRY--TOPICAL TERM
Topical term or geographic name entry element manhwa yaoi
650 #4 - SUBJECT ADDED ENTRY--TOPICAL TERM
Topical term or geographic name entry element gay manga
650 #4 - SUBJECT ADDED ENTRY--TOPICAL TERM
Topical term or geographic name entry element schwule liebe
650 #4 - SUBJECT ADDED ENTRY--TOPICAL TERM
Topical term or geographic name entry element smut bücher
650 #4 - SUBJECT ADDED ENTRY--TOPICAL TERM
Topical term or geographic name entry element schwule liebesromane
650 #4 - SUBJECT ADDED ENTRY--TOPICAL TERM
Topical term or geographic name entry element erotik manga
650 #4 - SUBJECT ADDED ENTRY--TOPICAL TERM
Topical term or geographic name entry element romance manga ab 18
650 #4 - SUBJECT ADDED ENTRY--TOPICAL TERM
Topical term or geographic name entry element homosexuelle liebesromane
650 #4 - SUBJECT ADDED ENTRY--TOPICAL TERM
Topical term or geographic name entry element japanische leserichtung
951 ## - EQUIVALENCE OR CROSS-REFERENCE--GEOGRAPHIC NAME/AREA NAME [OBSOLETE] [CAN/MARC only]
Geographic name BO
700 1# - ADDED ENTRY--PERSONAL NAME
Personal name Suzumaru, Minta
Relator term VerfasserIn
Relationship aut
700 1# - ADDED ENTRY--PERSONAL NAME
Personal name Hesse, Diana
Relator term ÜbersetzerIn
Relationship trl
776 1# - ADDITIONAL PHYSICAL FORM ENTRY
International Standard Book Number 9783551620460
776 08 - ADDITIONAL PHYSICAL FORM ENTRY
Relationship information Erscheint auch als
Note Druck-Ausgabe
International Standard Book Number 9783551620460
856 40 - ELECTRONIC LOCATION AND ACCESS
Uniform Resource Identifier <a href="https://nbn-resolving.org/urn:nbn:de:gbv:18-epflicht-303102">https://nbn-resolving.org/urn:nbn:de:gbv:18-epflicht-303102</a>
Contact for access assistance X:EPF
Public note lizenzpflichtig
Access status 1
942 ## - ADDED ENTRY ELEMENTS (KOHA)
Source of classification or shelving scheme Dewey Decimal Classification
Koha item type Manga
Suppress in OPAC No
Exemplare
Withdrawn status Lost status Source of classification or shelving scheme Damaged status Not for loan Home library Current library Shelving location Date acquired Total checkouts Barcode Date last seen Price effective from Koha item type
    Dewey Decimal Classification     Bunte Manga Potsdam Bunte Manga Potsdam Romance - Boy's Love 03/24/2026   1527 03/24/2026 03/24/2026 Manga

Powered by Koha